01080nac a22003011u 4500010001600000020002700016082001500043090001500058100003400073245009300107250001200200260005900212300004100271500004300312500002600355504005100381511002600432650002400458650002300482650002500505650002500530700002300555700004500578740002000623942001700643999001500660952010300675 a 96028138 a0135052645 (hardcover)00a330.9bBER c6186d6186 aBerry, Brian Joe Loble 14aThe global economy in transition /cBrian J.L. Berry, Edgar C. Conkling, D. Michael Ray. a2nd ed. aUpper Saddle River, N.J. :bPrentice Hall,1997cc1997. axiii, 498 p. :bill., maps ;c29 cm. aRev. ed. of: The global economy. 1993. adistributer: Al-Ahram aIncludes bibliographical references and index. acatalogued by: wessam 0aEconomic geography. 0aNatural resources. 0aIndustrial location. 0aInternational trade.1 aConkling, Edgar C.1 aRay, D. Michaelq(David Michael),d1935-02aGlobal economy. cBBk330.9BER c6186d6186 00104070aMAINbMAINc1STd2015-11-07ePurchasel0o330.9BERp000007331r2025-07-15 00:00:00yBB